Welcome to CU Library Online Public Access Catalogue (OPAC)

The international economy (Record no. 8500)

MARC details
000 -LEADER
fixed length control field 00410nam a2200169 4500
005 - DATE AND TIME OF LATEST TRANSACTION
control field 20251204102253.0
008 - FIXED-LENGTH DATA ELEMENTS--GENERAL INFORMATION
fixed length control field cuc123
020 ## - INTERNATIONAL STANDARD BOOK NUMBER
International Standard Book Number 9780521466790
050 ## - LIBRARY OF CONGRESS CALL NUMBER
Classification number HF 1359.K46 KEN
Item number 1
100 ## - MAIN ENTRY--PERSONAL NAME
Personal name KENEN, B.Peter
245 ## - TITLE STATEMENT
Title The international economy
250 ## - EDITION STATEMENT
Edition statement 3rd
260 ## - PUBLICATION, DISTRIBUTION, ETC.
Place of publication, distribution, etc. Cambrigde
Name of publisher, distributor, etc. cambridge university press
Date of publication, distribution, etc. 1994
300 ## - PHYSICAL DESCRIPTION
Extent ix,621p tables
500 ## - GENERAL NOTE
General note tables, diagrams
942 ## - ADDED ENTRY ELEMENTS (KOHA)
Source of classification or shelving scheme Library of Congress Classification
Koha item type Books
Suppress in OPAC No
999 ## -
-- 8500
-- 8500
Holdings
Withdrawn status Lost status Source of classification or shelving scheme Damaged status Not for loan Collection Home library Current library Shelving location Date acquired Total checkouts Full call number Date last seen Copy number Price effective from Koha item type Public note
    Library of Congress Classification     Non-fiction Graduate Library (Christ Temple) Graduate Library (Christ Temple) General stacks 12/04/2025   HD 1359.K46 KEN 12/04/2025 1 12/04/2025 Books EAQ
© 2023-2024 Copyright: Central University Libraries. All Rights Reserved | Created by: Mahone Tech Office